| 000 | 02299nam0a2200409 4500 | ||
|---|---|---|---|
| 001 | RU\NLR\bibl\896832 | ||
| 005 | 20260407132257.0 | ||
| 021 |
_aRU _b2005-71585 _93525 |
||
| 035 | _a(nilc)RSL-KNO-002765650 | ||
| 035 | _a(NLR Aleph) 000885290 | ||
| 090 |
_a1684421 _c1684421 |
||
| 100 | _a20051103d2005 |||y0rusy50 ca | ||
| 101 | 0 | _arus | |
| 102 | _aRU | ||
| 105 | _ay ||||||||| | ||
| 106 | _ar | ||
| 200 | 1 |
_aМетодологические проблемы творческой деятельности _e[сборник научных статей] _fРос. акад. наук, Рос. Филос. о-во, Секция "Теория и методология творчества" |
|
| 210 |
_aМосква _cРоссийская академия наук _cРоссийское филосовское общество, Секция "Теория и методология творчества" _d2005 _gТип. ООО Медина-Принт |
||
| 215 |
_a150 с. _d21 |
||
| 320 | _aБиблиогр. в подстроч. прим. | ||
| 606 | 1 |
_aТворческие способности _jСборники _91669773 _3RU\NLR\auth\661039325 |
|
| 606 | 1 |
_aТворчество _jСборники _xФилософские вопросы _92124544 _3RU\NLR\auth\661282527 |
|
| 606 | 1 |
_aФилософия языка _jСборники _91261561 _3RU\NLR\AUTH\66200491 |
|
| 610 | 0 | _aПсихология -- Отраслевая (прикладная) психология -- Психология творчества. Психология научной, научно-технической и художественной деятельности -- Психология творчества (в целом) -- Сборник статей | |
| 686 |
_aЮ945.1я43 _2rubbk |
||
| 686 | _aЮ945.40-724я43 | ||
| 686 | _aЮ251.20я43 | ||
| 686 | _aЮ802.29я43 | ||
| 686 | _aЮ224.21я43 | ||
| 712 | 0 | 1 |
_4570 _aРоссийское философское общество _bСекция "Теория и методология творчества" _3RU\NLR\AUTH\8810078451 _9659089 |
| 801 | 0 |
_aRU _bRuMoRKP _c20051103 _grcr |
|
| 801 | 1 |
_aRU _bRuMoRGB _c20051103 |
|
| 801 | 2 |
_aRU _bNLR _c20060116 _grcr |
|
| 942 | _cBOOK | ||
| 980 | _aNB | ||